000
00306nam a22001337a 4500
008
170213b xxu||||| |||| 00| 0 eng d
020
_a
9780781733724
041
_a
eng
080
_2
3ED
_a
61
100
_a
4
101
_a
SHM
245
_a
INTENSIVE REWIIEW INTERNAL MEDICINE
_c
STOLLER.K
942
_2
udc
_c
BK
999
_c
5200
_d
5200